The principles and practice of prayer. (Record no. 16895)

000 -LEADER
fixed length control field 00514nam a2200169 a 4500
001 - CONTROL NUMBER
control field :::00020234$&:&@@
003 - CONTROL NUMBER IDENTIFIER
control field OkBaRHE
005 - DATE AND TIME OF LATEST TRANSACTION
control field 20020207183546.0
008 - FIXED-LENGTH DATA ELEMENTS--GENERAL INFORMATION
fixed length control field s1983 j 000 0 eng u
040 ## - CATALOGING SOURCE
Transcribing agency
100 1# - MAIN ENTRY--PERSONAL NAME
Personal name French, Ivan H.
245 14 - TITLE STATEMENT
Title The principles and practice of prayer.
260 ## - PUBLICATION, DISTRIBUTION, ETC. (IMPRINT)
Place of publication, distribution, etc Largo, FL
Name of publisher, distributor, etc The Great Commission Prayer League
Date of publication, distribution, etc 1983
300 ## - PHYSICAL DESCRIPTION
Extent 133 p.
942 ## - ADDED ENTRY ELEMENTS (KOHA)
Source of classification or shelving scheme
Koha item type Books
Copies
Copy number Date last seen Withdrawn status Damaged status Koha item type Source of classification or shelving scheme Barcode Date acquired Permanent Location Full call number Price effective from Not for loan Shelving location Lost status
12010-04-14  Books 202342010-04-14RHEMA Bible Training CollegeBV 210.2 .F722010-04-14 General Stacks